00808 2200277 4500001002100000005001700021008004100038020001800079035002400097082001200121090001900133100002400152245010800176250001100284260003200295300002500327500004300352650002900395650001000424700002600434700002100460850001500481980001300496985000600509999001500515YOGYA-0209000000828920090227021109.0 ind  a979-518-236-6 0010-020900000008289 a297.431 a297.431bDoi P aDOI, Abdur Rahman I aPerkawinan dalam syariat IslamcAbdur Rahman I. Doi ; penerjemah, H. Basri Iba Asghary, H. Wadi Masturi aCet. 2 aJakartabRineka Ciptac1996 axiii, 150 hlmc21 cm aJudul asli : Sharf ah thel Islamic law aPerkawinan (hukum Islam) aNikah aAsghary, H. Basri Iba aMasturi, H. Wadi aYOPDYOG(B) a05-04-26 a1 a98P0113198